Statystyki dla Najlepsi asystenci Ekstraklasy sezonu 2021/2022.

Kliknij tutaj aby rozwiązać quiz!

Ogólne statystyki

  • Ten quiz został rozwiązany 21 razy
  • Średni wynik to 4 z 15

Statystyki odpowiedzi

Liczba asystZawodnik% Poprawnych
8Joao Amaral
75%
6Ivan Lopez
70%
14Josue
60%
6Kamil Grosicki
55%
6Jakub Kamiński
50%
6
Flavio Paixao
20%
7Fran Tudor
20%
7Joel Pereira
20%
6Bartosz Nowak
15%
7Damian Kądzior
15%
6Bojan Nastić
5%
6Erik Janza
5%
6Krystian Getinger
5%
6Patryk Szysz
5%
7Rafał Wolski
5%

Rozkład punktacji

Percentyl według liczby udzielonych odpowiedzi

Procent ludzi z każdym wynikiem

Twoja historia wyników

Nie rozwiązałeś tego quizu